[Event "TCh-FRA Top 12 2014"]
[Site "Saint-Quentin FRA"]
[Date "2014.05.25"]
[Round "2.2"]
[White "Baron, Tal"]
[Black "Gharamian, Tigran"]
[Result "1/2-1/2"]
[WhiteTitle "GM"]
[BlackTitle "GM"]
[WhiteElo "2515"]
[BlackElo "2655"]
[WhiteTeam "C.E. de Rueil Malmaison"]
[BlackTeam "Evry Grand Roque"]
[WhiteFideId "2809958"]
[BlackFideId "13301527"]
[EventDate "2014.05.24"]

1. e4 c5 2. Nf3 d6 3. d4 cxd4 4. Nxd4 Nf6 5. Nc3 a6 6. Be3 e5 7. Nb3 Be6 8. h3
Nc6 9. Qf3 d5 10. exd5 Bxd5 11. Qg3 Nh5 12. Qg4 Nf6 13. Qg3 Nh5 14. Qg4 Nf6 15.
Qg3 1/2-1/2

[Event "TCh-FRA Top 12 2014"]
[Site "Saint-Quentin FRA"]
[Date "2014.05.25"]
[Round "2.3"]
[White "Moussard, Jules"]
[Black "Renet, Olivier"]
[Result "1/2-1/2"]
[WhiteTitle "IM"]
[BlackTitle "GM"]
[WhiteElo "2440"]
[BlackElo "2480"]
[WhiteTeam "Evry Grand Roque"]
[BlackTeam "C.E. de Rueil Malmaison"]
[WhiteFideId "642908"]
[BlackFideId "600040"]
[EventDate "2014.05.24"]

1. Nf3 Nf6 2. d4 g6 3. Bf4 Bg7 4. e3 O-O 5. Be2 d6 6. O-O c5 7. c4 Nh5 8. Bg5 h6
9. Bh4 g5 10. Bg3 Nxg3 11. hxg3 Nc6 12. Nc3 g4 13. Nh4 cxd4 14. exd4 Qb6 15. d5
Ne5 16. Qc2 Bd7 17. b3 f5 18. Bd3 Nxd3 19. Qxd3 Qd4 20. Qxd4 Bxd4 21. Rac1 Kf7 1/2-1/2

[Event "TCh-FRA Top 12 2014"]
[Site "Saint-Quentin FRA"]
[Date "2014.05.25"]
[Round "2.4"]
[White "Loiseau, Quentin"]
[Black "Sochacki, Christophe"]
[Result "0-1"]
[WhiteTitle "IM"]
[BlackTitle "IM"]
[WhiteElo "2365"]
[BlackElo "2449"]
[WhiteTeam "C.E. de Rueil Malmaison"]
[BlackTeam "Evry Grand Roque"]
[WhiteFideId "665274"]
[BlackFideId "662569"]
[EventDate "2014.05.24"]

1. d4 Nf6 2. Nf3 e6 3. c4 d5 4. Nc3 c5 5. cxd5 Nxd5 6. e4 Nxc3 7. bxc3 cxd4 8.
cxd4 Bb4+ 9. Bd2 Bxd2+ 10. Qxd2 O-O 11. Bc4 Nd7 12. O-O b6 13. a4 Bb7 14. Rfe1
Rc8 15. Bd3 e5 16. a5 exd4 17. axb6 axb6 18. Ra4 Nc5 19. Rxd4 Qc7 20. Bc4 h6 21.
Nh4 Rcd8 22. Nf5 Nxe4 23. Qd3 Qc5 24. Rexe4 Bxe4 25. Qxe4 Rxd4 26. Nxh6+ Kh8 0-1

[Event "TCh-FRA Top 12 2014"]
[Site "Saint-Quentin FRA"]
[Date "2014.05.25"]
[Round "2.5"]
[White "Relange, Eloi"]
[Black "Williams, Simon K"]
[Result "1/2-1/2"]
[WhiteTitle "GM"]
[BlackTitle "GM"]
[WhiteElo "2466"]
[BlackElo "2465"]
[WhiteTeam "Evry Grand Roque"]
[BlackTeam "C.E. de Rueil Malmaison"]
[WhiteFideId "600822"]
[BlackFideId "404454"]
[EventDate "2014.05.24"]

1. d4 e6 2. c4 b6 3. Nc3 Bb4 4. Qc2 Bb7 5. a3 Bxc3+ 6. Qxc3 f5 7. Nf3 Nf6 8. b4
O-O 9. e3 d6 10. Be2 Nbd7 11. Bb2 Qe7 12. O-O Ne4 13. Qb3 Rf6 14. d5 e5 15. Qc2
Rh6 16. g3 Rf8 17. Nd2 Ndf6 18. Nxe4 fxe4 19. f4 exf3 20. Rxf3 Bc8 21. e4 Rg6
22. c5 h5 23. cxd6 cxd6 24. Raf1 h4 25. R1f2 Bd7 26. Rc3 Nh7 27. Rxf8+ Nxf8 28.
Bc1 hxg3 29. Rxg3 Qh4 30. Qd3 Bg4 31. Bf1 Bh5 32. a4 Nd7 33. Bg2 Nf6 34. a5 Rg4
35. axb6 axb6 36. Rxg4 Qxg4 37. h3 Qh4 38. Be3 Qg3 39. Qc3 Nxe4 40. Qc8+ Kh7 41.
Bxb6 Ng5 42. Qf5+ g6 43. Qd7+ Kh6 44. Bf2 Nf3+ 45. Kf1 Nd2+ 46. Kg1 Qg5 47. Qc8
Nf3+ 48. Kf1 1/2-1/2

[Event "TCh-FRA Top 12 2014"]
[Site "Saint-Quentin FRA"]
[Date "2014.05.25"]
[Round "2.6"]
[White "Congiu, Mathilde"]
[Black "Gordon, Stephen J"]
[Result "0-1"]
[WhiteTitle "WIM"]
[BlackTitle "GM"]
[WhiteElo "2279"]
[BlackElo "2493"]
[WhiteTeam "C.E. de Rueil Malmaison"]
[BlackTeam "Evry Grand Roque"]
[WhiteFideId "634581"]
[BlackFideId "411477"]
[EventDate "2014.05.24"]

1. e4 c5 2. Nf3 e6 3. d4 cxd4 4. Nxd4 a6 5. Bd3 Nf6 6. Nc3 d6 7. O-O Nbd7 8. Kh1
g6 9. f4 Bg7 10. Nf3 O-O 11. Qe1 Nc5 12. Be3 Nxd3 13. cxd3 b5 14. a3 Bb7 15. f5
exf5 16. exf5 Re8 17. Qd2 Ng4 18. Bf4 Qd7 19. fxg6 hxg6 20. d4 Rac8 21. h3 Nf6
22. Bh6 Ne4 23. Nxe4 Bxe4 24. Bxg7 Kxg7 25. Rac1 Rxc1 26. Qxc1 Bxf3 27. Rxf3 Re2
28. Qf4 Qe7 29. Rf2 Re4 30. Qd2 d5 31. Qc3 Re1+ 32. Kh2 Qd6+ 33. g3 Qe6 34. Qf3
Re3 35. Qf4 Re4 36. Qd2 Re3 37. Qc2 Qd6 38. Rg2 Qf6 39. Rf2 Qxd4 40. Qc7 Re7 41.
Qc2 Re1 42. h4 Qe5 43. Qc6 Re3 44. Rg2 Re4 45. Kg1 d4 46. Qd7 Re3 47. Kh2 d3 48.
Qd8 Re4 49. Kh3 Rd4 50. Qa5 d2 51. Rxd2 Qe1 0-1

[Event "TCh-FRA Top 12 2014"]
[Site "Saint-Quentin FRA"]
[Date "2014.05.25"]
[Round "2.7"]
[White "Milliet, Sophie"]
[Black "Debray, Christopher"]
[Result "1-0"]
[WhiteTitle "IM"]
[BlackTitle "IM"]
[WhiteElo "2393"]
[BlackElo "2351"]
[WhiteTeam "Evry Grand Roque"]
[BlackTeam "C.E. de Rueil Malmaison"]
[WhiteFideId "623725"]
[BlackFideId "630810"]
[EventDate "2014.05.24"]

1. e4 c6 2. d4 d5 3. e5 c5 4. c4 Nc6 5. Nf3 cxd4 6. Nxd4 e6 7. Nc3 Bc5 8. Nxc6
bxc6 9. cxd5 exd5 10. Bd3 Ne7 11. O-O Bf5 12. Bg5 Qd7 13. Na4 Bb6 14. Bxe7 Bxd3
15. Qxd3 Qxe7 16. Rac1 O-O 17. Nxb6 axb6 18. Rxc6 Qxe5 19. Qb3 h6 20. h3 Rfd8
21. Rxb6 d4 22. Rd1 Qe2 23. Rb7 Kh8 24. Rd3 Qe1+ 25. Kh2 Qe5+ 26. g3 f5 27. Qf7
Rac8 28. Re7 Qf6 29. Qxf6 gxf6 30. Re2 Kg7 31. Red2 Rb8 32. b3 Ra8 33. Rxd4 Rxd4
34. Rxd4 Rxa2 35. Kg2 Rb2 36. b4 Kg6 37. Rf4 Rb3 38. Kf1 Rb2 39. Ke1 Kf7 40. Kd1
Ke6 41. Kc1 Ra2 42. b5 Ke5 43. b6 Ra8 44. Rb4 Rb8 45. Kd2 f4 46. gxf4+ Kd5 47.
b7 f5 48. Kc3 Kc5 49. f3 Kd5 50. Rb5+ Kc6 51. Kc4 h5 52. Rxf5 Rxb7 53. Rf6+ 1-0

[Event "TCh-FRA Top 12 2014"]
[Site "Saint-Quentin FRA"]
[Date "2014.05.25"]
[Round "2.8"]
[White "Dubessay, Bastien"]
[Black "Bergez, Luc"]
[Result "1-0"]
[WhiteTitle "FM"]
[BlackTitle "IM"]
[WhiteElo "2352"]
[BlackElo "2380"]
[WhiteTeam "C.E. de Rueil Malmaison"]
[BlackTeam "Evry Grand Roque"]
[WhiteFideId "650048"]
[BlackFideId "606600"]
[EventDate "2014.05.24"]

1. d4 Nf6 2. c4 g6 3. Nc3 Bg7 4. e4 d6 5. f3 O-O 6. Be3 c5 7. d5 a6 8. a4 e6 9.
Qd2 exd5 10. cxd5 Nbd7 11. Nh3 Rb8 12. Nf2 Qc7 13. Be2 c4 14. O-O b5 15. axb5
axb5 16. b4 Ne8 17. Ra5 Bxc3 18. Qxc3 f6 19. h3 Rf7 20. Bd1 Re7 21. Bc2 g5 22.
g3 Ne5 23. Bd4 Rg7 24. Kh2 Qf7 25. Raa1 Qh5 26. Bd1 Qg6 27. Be2 h5 28. Rg1 Qh6
29. Qe3 h4 30. g4 Re7 31. Qc3 Qf8 32. Nd1 Nc7 33. Ne3 Na8 34. Nf5 Bxf5 35. gxf5
Rg7 36. f4 gxf4 37. Rxg7+ Kxg7 38. Rg1+ Kh8 39. Bxe5 dxe5 40. Bh5 Rb7 41. Bg6
Ra7 42. Rg4 Ra2+ 43. Kh1 Qh6 44. Qc1 Nb6 45. Bf7 Nc8 46. Rg8+ Kh7 47. Rxc8 Qg5
48. Rg8 Qg3 49. Rxg3 hxg3 50. Bh5 Kh6 51. Bg4 Ra6 52. Qd1 c3 53. d6 1-0

[Event "TCh-FRA Top 12 2014"]
[Site "Saint-Quentin FRA"]
[Date "2014.05.25"]
[Round "2.1"]
[White "Ragger, Markus"]
[Black "Vaisser, Anatoly"]
[Result "1-0"]
[WhiteTitle "GM"]
[BlackTitle "GM"]
[WhiteElo "2632"]
[BlackElo "2531"]
[WhiteTeam "Bischwiller"]
[BlackTeam "C.E. Strasbourg"]
[WhiteFideId "1610856"]
[BlackFideId "603252"]
[EventDate "2014.05.24"]

1. d4 f5 2. Nf3 Nf6 3. Bf4 g6 4. c4 Bg7 5. Nc3 d6 6. e3 Nh5 7. Be2 Nxf4 8. exf4
Nd7 9. O-O Nf6 10. Re1 O-O 11. c5 Kh8 12. Qb3 c6 13. Rad1 Qc7 14. g3 Ne4 15. h4
d5 16. Kg2 Bd7 17. h5 gxh5 18. Rh1 Be8 19. Nxe4 fxe4 20. Ng5 Rf6 21. Bxh5 h6 22.
Bxe8 Rxe8 23. f3 exf3+ 24. Nxf3 Rg8 25. Ne5 Qc8 26. Qd3 Bf8 27. Rh5 e6 28. Rdh1
Qc7 29. b4 Qh7 30. Qxh7+ Kxh7 31. Kf3 Bg7 32. a4 a6 33. R1h4 Rf5 34. g4 Rxh5 35.
Rxh5 Bxe5 36. Rxe5 Re8 37. f5 Kg7 38. fxe6 Re7 39. Kf4 Kg6 40. Re1 Kf6 41. Rh1
Kxe6 42. Re1+ Kf6 43. Rxe7 Kxe7 44. Ke5 Kd7 45. Kf6 b6 46. a5 1-0

[Event "TCh-FRA Top 12 2014"]
[Site "Saint-Quentin FRA"]
[Date "2014.05.25"]
[Round "2.2"]
[White "Rozentalis, Eduardas"]
[Black "Edouard, Romain"]
[Result "1/2-1/2"]
[WhiteTitle "GM"]
[BlackTitle "GM"]
[WhiteElo "2618"]
[BlackElo "2692"]
[WhiteTeam "C.E. Strasbourg"]
[BlackTeam "Bischwiller"]
[WhiteFideId "12800023"]
[BlackFideId "633429"]
[EventDate "2014.05.24"]

1. e4 c5 2. Nf3 d6 3. Bb5+ Nd7 4. O-O Nf6 5. Re1 a6 6. Bf1 b6 7. c3 Bb7 8. Bd3
Qc7 9. Qe2 e5 10. c4 g6 11. Nc3 Bg7 12. a3 O-O 13. b4 Nh5 14. g3 Qd8 15. Rb1 f5
16. Bc2 Qf6 17. Bd1 Bh6 18. d3 Bxc1 19. Rxc1 cxb4 20. axb4 a5 21. bxa5 bxa5 22.
Nd5 Bxd5 23. cxd5 Nc5 24. d4 fxe4 25. dxc5 exf3 26. Qe4 dxc5 1/2-1/2

[Event "TCh-FRA Top 12 2014"]
[Site "Saint-Quentin FRA"]
[Date "2014.05.25"]
[Round "2.3"]
[White "Volokitin, Andrei"]
[Black "Baklan, Vladimir"]
[Result "0-1"]
[WhiteTitle "GM"]
[BlackTitle "GM"]
[WhiteElo "2638"]
[BlackElo "2636"]
[WhiteTeam "Bischwiller"]
[BlackTeam "C.E. Strasbourg"]
[WhiteFideId "14107090"]
[BlackFideId "14102196"]
[EventDate "2014.05.24"]

1. e4 e6 2. d4 d5 3. Nc3 Nf6 4. e5 Nfd7 5. f4 c5 6. Nf3 Nc6 7. Be3 Be7 8. dxc5
O-O 9. Qd2 Nxc5 10. O-O-O a6 11. Qf2 b6 12. g4 f6 13. exf6 Bxf6 14. Bxc5 bxc5
15. Qxc5 Qc7 16. f5 Rb8 17. fxe6 Bxe6 18. g5 Bxc3 19. Qxc3 Qf4+ 20. Nd2 Nb4 21.
Qa3 Rfc8 22. Bd3 Nxc2 23. Bxc2 Bf5 24. Qc3 Rxc3 25. bxc3 Qe3 26. Rdf1 Be4 27.
Rhg1 Qxc3 28. Nxe4 dxe4 0-1

[Event "TCh-FRA Top 12 2014"]
[Site "Saint-Quentin FRA"]
[Date "2014.05.25"]
[Round "2.4"]
[White "Sanikidze, Tornike"]
[Black "Schlosser, Philipp"]
[Result "1/2-1/2"]
[WhiteTitle "GM"]
[BlackTitle "GM"]
[WhiteElo "2514"]
[BlackElo "2586"]
[WhiteTeam "C.E. Strasbourg"]
[BlackTeam "Bischwiller"]
[WhiteFideId "13602608"]
[BlackFideId "4600169"]
[EventDate "2014.05.24"]

1. d4 Nf6 2. c4 e6 3. Nf3 b6 4. a3 Bb7 5. Nc3 d5 6. Bg5 Be7 7. Qa4+ c6 8. cxd5
Nxd5 9. Bxe7 Nxc3 10. Qxc6+ Nxc6 11. Bxd8 Nb5 12. Bg5 Nbxd4 13. Nxd4 Nxd4 14.
Rd1 e5 15. e3 Nc6 16. e4 Nd4 1/2-1/2

[Event "TCh-FRA Top 12 2014"]
[Site "Saint-Quentin FRA"]
[Date "2014.05.25"]
[Round "2.5"]
[White "Marcelin, Cyril"]
[Black "Nataf, Igor-Alexandre"]
[Result "1/2-1/2"]
[WhiteTitle "GM"]
[BlackTitle "GM"]
[WhiteElo "2490"]
[BlackElo "2541"]
[WhiteTeam "Bischwiller"]
[BlackTeam "C.E. Strasbourg"]
[WhiteFideId "607274"]
[BlackFideId "605492"]
[EventDate "2014.05.24"]

1. e4 c5 2. b3 b6 3. Bb2 Bb7 4. Nc3 e6 5. f4 Qc7 6. Qf3 a6 7. Qe3 Nc6 8. Nf3 Nf6
9. h3 Nh5 10. Ne2 Nb4 11. O-O-O Nxa2+ 12. Kb1 Nb4 13. c3 Nc6 14. d4 c4 15. g4
Nf6 16. bxc4 Na5 17. Ng3 Nxc4 18. Bxc4 Qxc4 19. g5 Nd5 20. exd5 Bxd5 21. Rh2
Qa2+ 22. Kc1 Rc8 23. Rc2 Bb3 1/2-1/2

[Event "TCh-FRA Top 12 2014"]
[Site "Saint-Quentin FRA"]
[Date "2014.05.25"]
[Round "2.6"]
[White "Roos, Louis"]
[Black "Netzer, Jean"]
[Result "1/2-1/2"]
[WhiteTitle "IM"]
[BlackTitle "IM"]
[WhiteElo "2351"]
[BlackElo "2402"]
[WhiteTeam "C.E. Strasbourg"]
[BlackTeam "Bischwiller"]
[WhiteFideId "600288"]
[BlackFideId "623350"]
[EventDate "2014.05.24"]

1. d4 d5 2. Nf3 Nf6 3. Bf4 c5 4. c3 Nc6 5. e3 Qb6 6. Qb3 c4 7. Qxb6 axb6 8. Be2
Bg4 9. Nbd2 b5 10. Ne5 Bxe2 11. Kxe2 e6 12. a3 Nd7 13. Rhb1 Ncxe5 14. Bxe5 f6
15. Bg3 Kf7 16. b3 b6 17. a4 bxa4 18. bxc4 Be7 19. e4 dxe4 20. Nxe4 e5 21. f3
Rhc8 22. Kd3 a3 23. Ra2 Ra4 24. Nd2 exd4 25. cxd4 Bb4 26. Ne4 f5 27. Nd6+ 1/2-1/2

[Event "TCh-FRA Top 12 2014"]
[Site "Saint-Quentin FRA"]
[Date "2014.05.25"]
[Round "2.7"]
[White "Kosten, Anthony C."]
[Black "Heinz, Timothee"]
[Result "1-0"]
[WhiteTitle "GM"]
[BlackTitle "FM"]
[WhiteElo "2455"]
[BlackElo "2322"]
[WhiteTeam "Bischwiller"]
[BlackTeam "C.E. Strasbourg"]
[WhiteFideId "400114"]
[BlackFideId "623369"]
[EventDate "2014.05.24"]

1. Nf3 d5 2. c4 c6 3. e3 Nf6 4. Nc3 g6 5. d4 Bg7 6. Bd3 O-O 7. O-O a6 8. h3 Nbd7
9. Re1 dxc4 10. Bxc4 c5 11. a4 cxd4 12. exd4 Nb6 13. Bb3 Nbd5 14. Nxd5 Nxd5 15.
Bxd5 Qxd5 16. Rxe7 Be6 17. Bf4 Rfd8 18. Rc1 Bxd4 19. Nxd4 Qxd4 20. Re8+ Kg7 21.
Qxd4+ Rxd4 22. Be5+ f6 23. Rc7+ Kh6 24. Rxa8 fxe5 25. Rh8 1-0

[Event "TCh-FRA Top 12 2014"]
[Site "Saint-Quentin FRA"]
[Date "2014.05.25"]
[Round "2.8"]
[White "Nicoara, Malina"]
[Black "Maisuradze, Nino"]
[Result "0-1"]
[WhiteTitle "WIM"]
[BlackTitle "WGM"]
[WhiteElo "2108"]
[BlackElo "2258"]
[WhiteTeam "C.E. Strasbourg"]
[BlackTeam "Bischwiller"]
[WhiteFideId "604631"]
[BlackFideId "13601717"]
[EventDate "2014.05.24"]

1. d4 Nf6 2. c4 c5 3. d5 e6 4. Nc3 exd5 5. cxd5 d6 6. e4 g6 7. Nf3 Bg7 8. h3 O-O
9. Bd3 Re8 10. O-O c4 11. Bc2 b5 12. Re1 b4 13. Nb5 Qb6 14. Nbd4 Na6 15. Nc6 Bb7
16. Bf4 Bxc6 17. dxc6 Rad8 18. Bxd6 Qxc6 19. e5 Nd7 20. Ba4 Qb7 21. Nd4 Nxe5 22.
Bxe8 Rxd6 23. Qd2 Rxd4 24. Qe3 Rd3 25. Qf4 Qd5 26. Rac1 Rd4 27. Qe3 Nc7 28. f4
Nd3 29. Qe7 Nxe1 30. Rxe1 Nxe8 31. Qxe8+ Bf8 0-1

[Event "TCh-FRA Top 12 2014"]
[Site "Saint-Quentin FRA"]
[Date "2014.05.25"]
[Round "2.1"]
[White "Wojtaszek, Radoslaw"]
[Black "David, Alberto"]
[Result "1-0"]
[WhiteTitle "GM"]
[BlackTitle "GM"]
[WhiteElo "2724"]
[BlackElo "2579"]
[WhiteTeam "Mulhouse Philidor"]
[BlackTeam "Les Tours de Haute Picardie"]
[WhiteFideId "1118358"]
[BlackFideId "4000013"]
[EventDate "2014.05.24"]

1. d4 e6 2. c4 b6 3. e4 Bb7 4. Bd3 Bb4+ 5. Bd2 Bxd2+ 6. Qxd2 d6 7. Nc3 Nd7 8. f4
Qh4+ 9. g3 Qe7 10. Nf3 Ngf6 11. O-O-O O-O-O 12. Rhe1 Kb8 13. Kb1 g6 14. Bc2 a6
15. Ba4 Ka8 16. Qe2 Kb8 17. e5 Nh5 18. exd6 cxd6 19. Nd5 Qf8 20. Nb4 Ka8 21. Bc6
Nb8 22. Bxb7+ Kxb7 23. d5 a5 24. dxe6 fxe6 25. Nc2 Ng7 26. Nfd4 Qf6 27. Nxe6
Nxe6 28. Qxe6 Qxe6 29. Rxe6 Rhe8 30. Rde1 Rxe6 31. Rxe6 d5 32. Re7+ Ka6 33. cxd5
Rxd5 34. Ne3 Rd2 35. Rxh7 Re2 36. Nd5 Nc6 37. Nc7+ Kb7 38. Nb5+ Kb8 39. a3 1-0

[Event "TCh-FRA Top 12 2014"]
[Site "Saint-Quentin FRA"]
[Date "2014.05.25"]
[Round "2.2"]
[White "Kveinys, Aloyzas"]
[Black "Navara, David"]
[Result "1/2-1/2"]
[WhiteTitle "GM"]
[BlackTitle "GM"]
[WhiteElo "2547"]
[BlackElo "2708"]
[WhiteTeam "Les Tours de Haute Picardie"]
[BlackTeam "Mulhouse Philidor"]
[WhiteFideId "12800040"]
[BlackFideId "309095"]
[EventDate "2014.05.24"]

1. d4 d5 2. Nf3 Nf6 3. c4 c6 4. e3 Bg4 5. h3 Bh5 6. Nc3 e6 7. g4 Bg6 8. Ne5 Nbd7
9. Nxg6 hxg6 10. Bd2 Bb4 11. Bd3 dxc4 12. Bxc4 Nb6 13. Be2 Bxc3 14. Bxc3 Ne4 15.
Bf3 Nxc3 16. bxc3 Qe7 17. Qb3 e5 18. dxe5 Qxe5 19. Rd1 Rc8 20. Rd4 Qb5 21. Qxb5
cxb5 22. Bxb7 Rxc3 23. Re4+ Kf8 24. O-O Rxh3 25. Rd1 f5 26. gxf5 gxf5 27. Re5 g6
28. Rxb5 Rh7 29. Bf3 Rhc7 30. Rd6 Kg7 31. Bd5 Rc2 32. Bb3 Rb2 33. Re5 Nc4 34.
Bxc4 Rxc4 35. Ree6 Rg4+ 36. Kf1 a5 37. Re7+ Kh6 38. Re5 f4 39. exf4 Rxf4 40. Re2
Rxe2 41. Kxe2 Ra4 42. Rd2 Ra3 43. Kf1 Kg5 44. Kg2 Kf4 45. Rc2 Ke4 46. Rc6 g5 47.
Rc5 Rxa2 48. Rxg5 a4 49. Ra5 a3 50. Ra8 Ra1 51. Re8+ Kd3 52. Re3+ Kc2 53. Re2+
Kc3 54. Re3+ Kd2 55. Kh2 Kc2 56. Re2+ Kd1 57. Re3 Kc2 1/2-1/2

[Event "TCh-FRA Top 12 2014"]
[Site "Saint-Quentin FRA"]
[Date "2014.05.25"]
[Round "2.3"]
[White "Sokolov, Andrei1"]
[Black "Pelletier, Yannick"]
[Result "1/2-1/2"]
[WhiteTitle "GM"]
[BlackTitle "GM"]
[WhiteElo "2560"]
[BlackElo "2577"]
[WhiteTeam "Mulhouse Philidor"]
[BlackTeam "Les Tours de Haute Picardie"]
[WhiteFideId "627089"]
[BlackFideId "1301837"]
[EventDate "2014.05.24"]

1. e4 e6 2. d4 d5 3. Nc3 dxe4 4. Nxe4 Nd7 5. Nf3 Ngf6 6. Bd3 Nxe4 7. Bxe4 Nf6 8.
Bg5 Qd6 9. Bd3 Qb4+ 10. Bd2 Qxb2 11. O-O Be7 12. c4 c5 13. Qe2 O-O 14. d5 Re8
15. Rfb1 Qa3 16. dxe6 Bxe6 17. Rxb7 Rad8 18. Rb3 Qa6 19. Ne5 Bd6 20. f4 Bg4 21.
Qe1 Qc8 22. Ba5 Bc7 1/2-1/2

[Event "TCh-FRA Top 12 2014"]
[Site "Saint-Quentin FRA"]
[Date "2014.05.25"]
[Round "2.4"]
[White "Eliet, Nicolas"]
[Black "Gajewski, Grzegorz"]
[Result "0-1"]
[WhiteTitle "IM"]
[BlackTitle "GM"]
[WhiteElo "2402"]
[BlackElo "2641"]
[WhiteTeam "Les Tours de Haute Picardie"]
[BlackTeam "Mulhouse Philidor"]
[WhiteFideId "602302"]
[BlackFideId "1116207"]
[EventDate "2014.05.24"]

1. d4 Nf6 2. Nf3 d5 3. Bf4 c5 4. e3 Nc6 5. c3 Qb6 6. Qb3 c4 7. Qc2 Bf5 8. Qc1 e6
9. Nbd2 Be7 10. Be2 O-O 11. O-O Rfc8 12. Ne5 Nxe5 13. Bxe5 Qc6 14. Bd1 Nd7 15.
Bg3 b5 16. Bc2 Bxc2 17. Qxc2 b4 18. e4 Nb6 19. exd5 Nxd5 20. Nf3 Qb5 21. cxb4 c3
22. a3 a5 23. bxc3 Nxc3 24. Qb2 Qe2 25. Qxe2 Nxe2+ 26. Kh1 axb4 27. axb4 Rxa1
28. Rxa1 Bxb4 29. Rd1 f6 30. Ng1 Nc3 31. Re1 Kf7 32. Nf3 Nd5 33. Rb1 g5 34. h3
h5 35. Kg1 Kg6 36. h4 g4 37. Ne1 Rc4 38. Bb8 Rxd4 39. Nc2 Rc4 40. Nxb4 Nxb4 41.
Ba7 Kf5 42. Bc5 Nd5 43. Ba3 Rc2 44. Rb8 g3 45. fxg3 Ne3 46. Rb2 Ke5 0-1

[Event "TCh-FRA Top 12 2014"]
[Site "Saint-Quentin FRA"]
[Date "2014.05.25"]
[Round "2.5"]
[White "Degraeve, Jean-Marc"]
[Black "Godart, Francois"]
[Result "1-0"]
[WhiteTitle "GM"]
[BlackTitle "FM"]
[WhiteElo "2576"]
[BlackElo "2376"]
[WhiteTeam "Mulhouse Philidor"]
[BlackTeam "Les Tours de Haute Picardie"]
[WhiteFideId "600270"]
[BlackFideId "208078"]
[EventDate "2014.05.24"]

1. e4 e6 2. d4 d5 3. Nd2 c5 4. Ngf3 cxd4 5. Nxd4 Nc6 6. Nxc6 bxc6 7. Bd3 Bd6 8.
O-O Ne7 9. Nf3 Ng6 10. Re1 O-O 11. e5 Bc7 12. Ng5 Qe8 13. Qh5 h6 14. Nf3 a5 15.
Be3 Ba6 16. Bc5 Ne7 17. Nd4 Qd7 18. Qe2 Bxd3 19. cxd3 Rfe8 20. Bxe7 Rxe7 21.
Rac1 c5 22. Nb3 Bb6 23. Nxc5 Qb5 24. d4 Qb4 25. Red1 a4 26. a3 Qa5 27. Rd3 Rc7
28. Rdc3 Qa7 29. h4 Rac8 30. Qe3 Ba5 31. R3c2 Rc6 32. Qd3 Bb6 33. Qb5 R6c7 34.
h5 Kh8 35. Rc3 Ba5 36. Qxa4 Bxc3 37. Qxa7 Rxa7 38. Rxc3 Rca8 39. Kf1 Kg8 40. Ke2
Kf8 41. Kd2 Ke7 42. Rg3 Rg8 43. b4 Kd8 44. Rf3 g6 45. b5 Kc7 46. Rxf7+ Kb6 47.
Rxa7 Kxa7 48. Nxe6 gxh5 49. g3 Rg4 50. Ke3 Re4+ 51. Kd3 h4 52. gxh4 Rxh4 53. f4
Rh5 54. Ng7 Rh3+ 55. Ke2 Rg3 56. Nh5 Rxa3 57. f5 Kb6 58. f6 Ra2+ 59. Kf3 Ra1 60.
Kg4 1-0

[Event "TCh-FRA Top 12 2014"]
[Site "Saint-Quentin FRA"]
[Date "2014.05.25"]
[Round "2.6"]
[White "Bunzmann, Dimitrij"]
[Black "Riff, Jean-Noel"]
[Result "1/2-1/2"]
[WhiteTitle "GM"]
[BlackTitle "IM"]
[WhiteElo "2464"]
[BlackElo "2458"]
[WhiteTeam "Les Tours de Haute Picardie"]
[BlackTeam "Mulhouse Philidor"]
[WhiteFideId "4634284"]
[BlackFideId "611190"]
[EventDate "2014.05.24"]

1. d4 Nf6 2. Nf3 e6 3. c4 Bb4+ 4. Bd2 Qe7 5. g3 Nc6 6. Bg2 Bxd2+ 7. Nbxd2 d6 8.
O-O a5 9. e4 e5 10. d5 Nb8 11. Ne1 h5 12. Nd3 h4 13. Qc2 Nbd7 14. a3 a4 15. b4
axb3 16. Nxb3 Ng4 17. c5 Nxh2 18. cxd6 Qxd6 19. Kxh2 hxg3+ 20. Kg1 Qh6 21. fxg3
Qh2+ 22. Kf2 Rh3 23. Ke1 Rxg3 24. Qf2 Nf6 25. Rh1 Ng4 26. Rxh2 Nxf2 27. Nxf2
Re3+ 28. Kd2 Rxb3 29. Rh8+ Ke7 30. Bh3 Rf3 31. Rxc8 Rxf2+ 32. Kc3 Ra4 33. Rxc7+
Kd6 34. Rd7+ Kc5 35. Kb3 Rxe4 36. Rc1+ Kb6 37. Rc3 Ree2 38. Rd6+ Ka5 39. Rc5+ b5
40. Bc8 Rb2+ 41. Kc3 Rbc2+ 42. Kb3 Rb2+ 43. Kc3 Rbc2+ 44. Kb3 1/2-1/2

[Event "TCh-FRA Top 12 2014"]
[Site "Saint-Quentin FRA"]
[Date "2014.05.25"]
[Round "2.7"]
[White "Ider, Borya"]
[Black "Cappon, John"]
[Result "1-0"]
[WhiteTitle "FM"]
[WhiteElo "2392"]
[BlackElo "2238"]
[WhiteTeam "Mulhouse Philidor"]
[BlackTeam "Les Tours de Haute Picardie"]
[WhiteFideId "4901134"]
[BlackFideId "608459"]
[EventDate "2014.05.24"]

1. c4 Nf6 2. Nf3 e6 3. g3 b6 4. Bg2 Bb7 5. d4 Bb4+ 6. Bd2 Bxd2+ 7. Qxd2 d5 8.
O-O dxc4 9. Na3 O-O 10. Nxc4 Nbd7 11. b4 Qe7 12. Rac1 Rfd8 13. Qb2 Rac8 14. a4
Bd5 15. a5 c5 16. dxc5 bxc5 17. b5 Rb8 18. Ne1 Nf8 19. Ne5 Qc7 20. Bxd5 exd5 21.
Rc2 Rd6 22. N1f3 Ne6 23. Ra1 Qb7 24. Rb1 Qc7 25. Qa1 c4 26. Nc6 Re8 27. Nfd4
Nxd4 28. Qxd4 a6 29. Na7 Qxa5 30. b6 Qa4 31. b7 Nd7 32. Rcb2 Nb8 33. Nc8 Rde6
34. Qf4 Re5 35. Nd6 Qd7 36. Nxe8 Qxe8 37. e3 h5 38. Qd4 f6 39. Rb6 Qe7 40. R6b2
Kh7 41. Qa7 Qd8 42. Qc5 h4 43. Qc8 1-0